书目信息 |
| 题名: |
无形资产学
|
|
| 作者: | 蔡吉祥 著 | |
| 分册: | ||
| 出版信息: | 深圳 海天出版社 1999 |
|
| 页数: | 366页 | |
| 开本: | 32开 | |
| 丛书名: | 21世纪无形资产学丛书 | |
| 单 册: | ||
| 中图分类: | F273.4 | |
| 科图分类: | ||
| 主题词: | 无形固定资产--研究 | |
| 电子资源: | ||
| ISBN: | 7-80615-994-0 | |
| 000 | 00633nam0 2200229 45 | |
| 001 | 0110060828 | |
| 005 | 20031219104050.9 | |
| 010 | @a7-80615-994-0@dCNY20.00 | |
| 100 | @a20011006d1999 km y0chiy0120 ea | |
| 101 | 0 | @achi |
| 105 | @a z 000yy | |
| 200 | 1 | @a无形资产学@AWu Xing Zi Chan Xue@f蔡吉祥著@FCai Ji Xiang Zhu |
| 205 | @a2版 | |
| 210 | @a深圳@c海天出版社@d1999 | |
| 215 | @a366页@d32开 | |
| 225 | @a21世纪无形资产学丛书 | |
| 410 | @12001 @a21世纪无形资产学丛书 | |
| 606 | 0 | @a无形固定资产@x研究 |
| 690 | @aF273.4@v4 | |
| 701 | @a蔡吉祥@4著 | |
| 801 | @aCN@bTSTC@c20011006 | |
| 905 | @f2@b299209-210@dF273.4@e100=2 | |
| 无形资产学/蔡吉祥著.-2版.-深圳:海天出版社,1999 |
| 366页;32开.-(21世纪无形资产学丛书) |
| ISBN 7-80615-994-0:CNY20.00 |
| ● |
| 相关链接 |
|
|
|
|
正题名:无形资产学
索取号:F273.4/100=2
 
预约/预借
| 序号 | 登录号 | 条形码 | 馆藏地/架位号 | 状态 | 备注 |
| 1 | 0299209 | 202992093 | 第一借阅区/ [索取号:F273.4/100=2] | 在馆 | |
| 2 | 0299210 | 202992100 | 第一借阅区/ [索取号:F273.4/100=2] | 在馆 |